Statistics for Flag Terms and Vocabulary

Click here to take the quiz!

General Stats

  • This quiz has been taken 37 times
  • The average score is 5 of 13

Answer Stats

HintAnswer% Correct
The study of flagsv{exillology}
76%
The other side of a flagr{everse}
61%
The front side of a flago{bverse}
48%
Rectangular area (usually in top left) that can be a flag in its own rightc{anton}
45%
Side of the flag farthest from the flagpolef{ly}
42%
Side of the flag closest to the flagpoleh{oist}
42%
The background of a flagf{ield}
36%
Refers to three stripest{riband}
36%
Any emblem, figure, symbol, or device occupying the backgroundc{harge}
33%
A diagonal cross (also called Saint Andrew's Cross)s{altire}
33%
A Y-shaped design on a flag, like South Africa'sp{all}
30%
A triangle close to the flagpole side of the flagc{hevron}
24%
Coat of arms or simple heraldic symbol on a flagb{adge}
21%

Score Distribution

Percentile by Number Answered

Percent of People with Each Score

Your Score History

You have not taken this quiz